| 000 | 00351nam a2200133Ia 4500 | ||
|---|---|---|---|
| 008 | 230917s9999||||xx |||||||||||||| ||und|| | ||
| 040 |
_e94824 _aMAIN |
||
| 041 | _aEnglish | ||
| 082 | _a617 N167C | ||
| 100 | _aNarender Kumar | ||
| 245 | 0 | _aComparative evaluation of conventional versus microsurgical varicocelectomy | |
| 300 | _a106 p. | ||
| 942 | _cTH | ||
| 999 |
_c88645 _d88645 |
||